日本国内の空港 - Statistics

General Stats
  • This quiz has been taken 20 times
    18 since last reset
  • The average score is 78 of 97
Answer Stats
都道府県 空港名 % Correct
東京都 羽田空港
100%
大阪府 伊丹空港
100%
大阪府 関西空港
100%
徳島県 徳島空港
100%
北海道 稚内空港
94%
北海道 新千歳空港
94%
青森県 青森空港
94%
岩手県 花巻空港
94%
宮城県 仙台空港
94%
秋田県 秋田空港
94%
山形県 山形空港
94%
千葉県 成田空港
94%
茨城県 茨城空港
94%
東京都 大島空港
94%
新潟県 新潟空港
94%
富山県 富山空港
94%
石川県 小松空港
94%
福井県 福井空港
94%
長野県 松本空港
94%
静岡県 静岡空港
94%
愛知県 中部国際空港
94%
愛知県 名古屋飛行場
94%
兵庫県 神戸空港
94%
鳥取県 鳥取空港
94%
鳥取県 米子空港
94%
島根県 隠岐空港
94%
岡山県 岡山空港
94%
広島県 広島空港
94%
香川県 高松空港
94%
愛媛県 松山空港
94%
福岡県 福岡空港
94%
佐賀県 佐賀空港
94%
長崎県 長崎空港
94%
熊本県 熊本空港
94%
大分県 大分空港
94%
宮崎県 宮崎空港
94%
鹿児島県 鹿児島空港
94%
鹿児島県 屋久島空港
94%
沖縄県 那覇空港
94%
北海道 礼文空港
88%
北海道 函館空港
88%
福島県 福島空港
88%
新潟県 佐渡空港
88%
石川県 能登空港
88%
和歌山県 南紀白浜空港
88%
鳥取県 出雲空港
88%
山口県 岩国錦帯橋空港
88%
高知県 高知空港
88%
長崎県 壱岐空港
88%
長崎県 対馬空港
88%
熊本県 天草空港
88%
鹿児島県 奄美空港
88%
沖縄県 宮古空港
88%
沖縄県 石垣空港
88%
北海道 利尻空港
81%
北海道 紋別空港
81%
北海道 女満別空港
81%
北海道 旭川空港
81%
北海道 帯広空港
81%
青森県 三沢空港
81%
山形県 庄内空港
81%
東京都 三宅島空港
81%
東京都 八丈島空港
81%
福岡県 北九州空港
81%
鹿児島県 種子島空港
81%
鹿児島県 与論空港
81%
北海道 中標津空港
75%
北海道 釧路空港
75%
北海道 丘珠空港
75%
北海道 奥尻空港
75%
秋田県 大館能代空港
75%
東京都 神津島空港
75%
山口県 山口宇部空港
75%
長崎県 福江空港
75%
東京都 調布飛行場
69%
東京都 新島空港
69%
大阪府 八尾空港
69%
鳥取県 石見空港
69%
沖縄県 与那国空港
69%
鹿児島県 徳之島空港
63%
沖縄県 北大東空港
63%
沖縄県 南大東空港
63%
兵庫県 コウノトリ但馬空港
56%
鹿児島県 沖永良部空港
56%
沖縄県 慶良間空港
56%
沖縄県 粟国空港
56%
沖縄県 波照間空港
56%
岡山県 岡南飛行場
50%
長崎県 小値賀空港
50%
長崎県 上五島空港
50%
鹿児島県 喜界空港
50%
北海道 千歳飛行場
44%
大分県 大分県央空港
44%
沖縄県 伊江島空港
44%
沖縄県 下地島空港
44%
沖縄県 多良間空港
44%
沖縄県 久米島空港
38%
No matching quizzes found
Score Distribution
Percent of People with Each Score
Percentile by Number Answered
Your Score History
You have not taken this quiz since the last reset